زندہ اپنی باتوں میں : (Record no. 172385)

MARC details
000 -LEADER
fixed length control field 00651nam a22001937a 4500
005 - DATE AND TIME OF LATEST TRANSACTION
control field 20200204124607.0
010 ## - LCCN (DPL NO)
LC control number B-29296
020 ## - INTERNATIONAL STANDARD BOOK NUMBER
Terms of availability 90.00
International Standard Book Number 818723122X
035 ## - SYSTEM CONTROL NUMBER
System control number B-29296
037 ## - SOURCE OF ACQUISITION
Source of stock number/acquisition BPPD/Pub.
082 ## - DEWEY DECIMAL CLASSIFICATION NUMBER
Classification number 840.92
100 ## - MAIN ENTRY--PERSONAL NAME
Personal name فیاض رفعت
245 ## - TITLE STATEMENT
Title زندہ اپنی باتوں میں :
Remainder of title بیدی، عصمت اور عباس /
Statement of responsibility, etc فیاض رفعت
246 ## - VARYING FORM OF TITLE
Title proper/short title Zinda Apni Batoon Mein (Urdu) /
Remainder of title by Faiyaz Rifat
260 ## - PUBLICATION, DISTRIBUTION, ETC. (IMPRINT)
Place of publication, distribution, etc Delhi
Name of publisher, distributor, etc Takhleeqkar Publishers
Date of publication, distribution, etc 2000 ء
270 ## - ADDRESS
Address 104/B, Yawar manzil, I-Block, Laxmi Nagar
City Delhi
Postal code 110092
300 ## - PHYSICAL DESCRIPTION
Extent 110p.
Dimensions 22cm(Hb)
942 ## - ADDED ENTRY ELEMENTS (KOHA)
Source of classification or shelving scheme Dewey Decimal Classification
Item type Urdu Bks
Classification part 840.92
Call number suffix ف ے ا
Holdings
Withdrawn status Lost status Not for loan Collection code Home library Current library Date acquired Source of acquisition Cost, normal purchase price Full call number Barcode Copy number Cost, replacement price Koha item type
      Non-fiction Central Library Central Library 04/02/2020 BPPD/Ven. 90.00 840.92 ف ے ا B-29296 1 90.00 Urdu Bks

© Delhi Public Library
Hit Counter
free hit counter